000 00335nam a2200169Ia 4500
100 _aSommerville/Ian
650 _aSoftware Engineering
250 _a10
942 _cBK
366 _f20
245 _aSoftware Engineering
260 _bPearson Education
082 _bSOM
300 _a808
546 _aENGLISH
999 _c30550
_d30550